Sports Quiz

Random Sports or NFL Quiz

Sports Spelling Bee Quiz Stats

 Plays Quiz Updated Sep 5, 2019

Score 0/22 Timer 06:00
3 Plays Today
Hint Name % Correct
Quarterback with the Pittsburgh Steelers. Ben _____Roethlisberger
78.6%
Forward for the Dallas Mavericks. Dirk ____Nowitzki
72.3%
Safety for the Pittsburgh Steelers. Troy ____Polamalu
65.7%
All-star player with the Miami Heat. _____ WadeDwyane
65.4%
Lefty Pitcher with the Yankees & Astros. Andy _____Pettitte
63.5%
Coach of the New England Patriots. Bill _____Belichick
56.1%
Chicago White Sox who pitched a perfect game. Mark ____Buehrle
52.4%
First Baseman with most recently with the Yankees. Mark ___Teixeira
52.3%
Fiery former manager of the Chicago Cubs. Lou _____Piniella
50.3%
Forward with the Dallas Mavericks. Peja ____Stojakovic
50%
Center for the Miami Heat. Zydrunas ____Ilgauskas
48.1%
Hint Name % Correct
Catcher with the Chicago White Sox. A.J. _____Pierzynski
45.3%
Catcher with the Texas Rangers, Braves & Red Sox. Jarrod ____Saltalamacchia
44.2%
Defensive End for the New York Giants. Osi ____Umenyiora
34.9%
Wide Receiver with Bengals, Seahawks & Ravens. T.J. _____Houshmandzadeh
33.9%
Pittsburgh Pirate who hit a Walk-off home run in the 1960 World Series. Bill ____Mazeroski
32.3%
Coach of Duke basketball team. Mike ____Krzyzewski
31.4%
New Jersey Nets 7 foot forward. Yi ____Jianlian
29.7%
Hall of Fame outfielder who played for the Boston Red Sox. Carl ____Yastrzemski
28.6%
Forward/Guard predominantly with the Timberwolves. Walter 'Wally' ____Szczerbiak
20.6%
First baseman for the Dodgers & 2004 Red Sox. Doug ____Mientkiewicz
19.7%
Second Baseman for the Kansas City Royals. Mark ____Grudzielanek
18.2%

You're not logged in!

Compare scores with friends on all Sporcle quizzes.
OR
Log In

Sporcle TV

Today on Sporcle TV


Watch our educational content, quiz creation guides, and fun videos on Sporcle TV.

Show Comments

Extras

Top Quizzes Today


Score Distribution

Your Account Isn't Verified!

In order to create a playlist on Sporcle, you need to verify the email address you used during registration. Go to your Sporcle Settings to finish the process.

Report this User

Report this user for behavior that violates our Community Guidelines.

Details: